000 01845cam a22005054i 4500
003 PE-LiUPU
005 20250731165613.0
008 150706s2010 mx a rb 000 0 d
020 _a9789681865375
035 _a(Sirsi) i9789681865375
040 _aPE-LiUPU
_bspa
_cPE-LiUPU
_erda
049 _aPRUA
082 0 4 _a001.42
_bT18
_221
100 1 _aTamayo y Tamayo, Mario,
_eautor.
245 1 0 _aInvestigación para jóvenes /
_cMario Tamayo y Tamayo.
264 1 _aMéxico :
_bLimusa,
_c2010.
300 _a170 páginas :
_bilustraciones ;
_c2010
336 _atext
_2rdacontent
337 _aunmediated
_2rdamedia
338 _avolume
_2rdacarrier
504 _aIncluye bibliografía.
505 0 _aEl hombre primitivo: la ciencia y la investigación -- El proyecto de investigación -- El modelo del proyecto de investigación -- Otros aspectos de la investigación -- Guía para el tutor y asesor del proyecto -- Glosario de investigación para niños y jóvenes.
526 _aSEG44
526 _aSEG26
526 _aP151
526 _aP150
526 _aP149
526 _aP146
526 _aP145
526 _aP126
526 _aP125
526 _aP92
526 _aP75
526 _aP74
526 _aP27
526 _aP15
541 _g030-0012243;
650 0 4 _aInvestigación
_xMetodología.
910 _agl
_bjv
_clch
_d20120611
942 _2ddc
_cBOOK
949 _a001.42 T18
_wDEWEY
_c1
_i64793
_lCCODEBUL1
_mBUL
_p10.00
_r0
_sY
_tBOOK
_u2015-7-6
_xFCE
_PP04
_o.STAFF. Colección General
994 _aC0
_bPEPRU
596 _a1
999 _a001.42 T18
_wDEWEY
_c53501
_i64793
_d53501
_e2016-10-3
_f2021-11-4
_g6
_lCCODEBUL1
_mBUL
_n6
_p10.00
_r0
_sY
_tBOOK
_u2015-7-6
_xBIBLIOTECA
_PP04
_0COMPRA
_o.STAFF. Colección General
980 _81
_gALBERTO SANCHEZ Responsable de Automatización